000 00399nam a2200157Ia 4500
003 GCL
008 140319s9999 xx 000 0 ara d
040 _aGCL /
_cGCL
082 0 4 _aط
_b793.735
_bر ا
100 1 _aرجاء ناجى
245 1 0 _aالغاز وتسليه /
_cرجاء ناجى
490 _a100 قصة
_v0
650 0 4 _aالاطفال
650 0 4 _aالالغاز
942 _2ddc
_cBK
999 _c46570
_d46570